Civilization VI: Tech Tree - Statistics

General Stats
  • This quiz has been taken 30 times
  • The average score is 25 of 77
Answer Stats
Era Tech Boost Tech % Correct
Ancient (none) Pottery
95%
Ancient Kill a unit with a Slinger Archery
90%
Ancient Found a city on the coast Sailing
90%
Ancient (none) Animal Husbandry
86%
Ancient Find a Natural Wonder Astrology
86%
Ancient Farm a resource Irrigation
86%
Ancient (none) Mining
86%
Classical Build an Iron Mine Iron Working
71%
Ancient Kill 3 Barbarians Bronze Working
67%
Classical Improve 2 Sea Resources Celestial Navigation
67%
Classical Make a Trade Route Currency
67%
Ancient Meet another civilization Writing
67%
Classical Build a Pasture Horseback Riding
62%
Classical Own 2 Galleys Shipbuilding
62%
Ancient Build a Quarry Masonry
57%
Classical Build Ancient Walls Engineering
48%
Medieval Earn a Great Scientist Education
43%
Classical Build 3 Specialty Districts Mathematics
43%
Medieval Kill a unit with a Spearman Military Tactics
43%
Ancient Mine a resource Wheel
43%
Atomic Build 2 Biplanes Advanced Flight
38%
Medieval Build 3 Mines Apprenticeship
38%
Renaissance Build a University next to a Mountain Astronomy
38%
Classical Build a Water Mill Construction
38%
Future (none) Future Tech
38%
Medieval Have the Feudalism civic Stirrups
38%
Renaissance Build 2 Harbors Cartography
33%
Modern Extract an Artifact Combustion
33%
Atomic Adopt a government with 8 inherent policy slots Computers
33%
Modern Build an Industrial era or later Wonder Flight
33%
Medieval Own 3 Archers Machinery
33%
Medieval Build an Aqueduct Military Engineering
33%
Modern Build a National Park Radio
33%
Medieval Adopt a government with 6 inherent policy slots Castles
29%
Modern Own 3 Privateers Electricity
29%
Renaissance Build an Armory Gunpowder
29%
Renaissance Build a Lumber Mill Mass Production
29%
Atomic Build an Oil Well Plastics
29%
Information Have the Globalization civic Robotics
29%
Renaissance Have the Guilds civic Banking
24%
Modern Have a level two alliance Chemistry
24%
Information Build an Aluminum Mine Nanotechnology
24%
Atomic Boost through Great Scientist or Spy Rocketry
24%
Modern Build a Coal Mine and an Ironclad Steel
24%
Medieval Build a Classical Era or later Wonder Buttress
19%
Industrial Build 3 Workshops Industrialization
19%
Atomic Boost through Great Scientist or Spy Nuclear Fission
19%
Information Boost through Great Scientist or Spy Nuclear Fusion
19%
Modern Own 3 Line Infantries Replaceable Parts
19%
Industrial Build a Niter Mine Rifling
19%
Industrial Build 2 Shipyards Steam Power
19%
Future Boost through Spy Advanced AI
14%
Atomic Build 1 Oil Power Plant Advanced Ballistics
14%
Industrial Have 2 Forts in your territory Ballistics
14%
Atomic Have 3 Armies or Armadas Combined Arms
14%
Renaissance Build 2 Universities Printing
14%
Modern Build 1 Coal Power Plant Refining
14%
Industrial Build 2 Neighborhoods Sanitation
14%
Information Build 2 Broadcast Centers Satellites
14%
Industrial Have The Enlightenment civic Scientific Theory
14%
Renaissance Own 2 Trebuchets Siege Tactics
14%
Renaissance Kill a unit with a Musketman Square Rigging
14%
Information Own 3 Tanks Composites
10%
Industrial Build 2 Banks Economics
10%
Information Build 2 Drones Lasers
10%
Industrial Kill a unit with a Knight Military Science
10%
Information Boost through Great Scientist or Spy Stealth Technology
10%
Atomic Build 2 Aerodromes Synthetic Materials
10%
Future Boost through Spy Advanced Power Cells
5%
Future Boost through Spy Cybernetics
5%
Information Kill a Fighter Guidance Systems
5%
Renaissance Own 2 Crossbowmen Metal Casting
5%
Future Boost through Spy Offworld Mission
5%
Future Boost through Spy Predictive Systems
5%
Future Boost through Spy Seasteads
5%
Future Boost through Spy Smart Materials
5%
Information Boost through Great Scientist or Spy Telecommunications
5%
No matching quizzes found
Score Distribution
Percent of People with Each Score
Percentile by Number Answered
Your Score History
You have not taken this quiz